000
002850000a22000970004500
100
1
_a
Harvey, John E. (1932- )
245
1
0
_a
Tendenz and textual criticism in 1 Samuel 2-10
300
_a
Núm 96 (2001), Páginas 71-81
773
0
_t
Journal for the Study of the Old Testament
942
_c
ANA
999
_c
55024
_d
55024